000 00294nam a22001337a 4500
008 170622b xxu||||| |||| 00| 0 eng d
020 _a9780300030976
041 _aeng
080 _a32
100 _a21
101 _aSHP
245 _aTHE PRACTICAL NEGOTIATOR
_cZARTMAN,I.W
942 _2udc
_cBK
999 _c18805
_d18805